000 00381 a2200169 4500
001 184287
020 _a85-08-06903-0
040 _cMagnum
100 _aBrezina, Thomas
240 1 0 _aO safári dos monstros
_lpor
245 1 0 _aO safári dos monstros
300 _a77
362 0 _a1998
440 1 _aÁtica
697 _aLITERATURA INFANTO-JUVENIL ESTRANGEIRA
942 _cBK
999 _c184287
_d184287